LEADER 01377nam--2200385---450- 001 990001210670203316 005 20091023165101.0 010 $a2-8027-1323-X 010 $a960-15-0145-2 035 $a000121067 035 $aUSA01000121067 035 $a(ALEPH)000121067USA01 035 $a000121067 100 $a20031021d1999----km-y0enga50------ba 101 $afre 102 $aBE 105 $a||||||||001yy 200 1 $a<> principe communautaire d'equivalence et de reconnaissance mutuelle dans la libre prestation de services$fVassilis Hatzopoulos$gpreface par Denys Simon 210 $aAthenes$cAnt. N. Sakkoulas$aBruxelles$cBruylant$d1999 215 $a567 p.$d24 cm 606 0 $aMerci$xCircolazione$xDiritto comunitario 676 $a341.750614 700 1$aHATZOPOULOS,$bVassilis$0318482 702 1$aSIMON,$bDenys 801 0$aIT$bsalbc$gISBD 912 $a990001210670203316 951 $aXXIII.4.K. 403 (IG VIII 12 FR/625)$b37698 G.$cXXIII.4.K. 403 (IG VIII)$d00088885 959 $aBK 969 $aGIU 979 $aMARIA$b10$c20031021$lUSA01$h1637 979 $aPATRY$b90$c20040406$lUSA01$h1727 979 $aMARIASEN$b90$c20050215$lUSA01$h1827 979 $aRSIAV3$b90$c20091023$lUSA01$h1651 996 $aPrincipe communautaire d'equivalence et de reconnaissance mutuelle dans la libre prestation de services$9984379 997 $aUNISA LEADER 00922nam0-2200253 --450 001 9910472149503321 005 20240124092116.0 100 $a20210520d1967----kmuy0itay5050 ba 101 0 $alat$aita 102 $aIT 105 $a 001yy 200 1 $aFrancesco Filelfo educatore e il Codice Sforza della Biblioteca Reale di Torino$fa cura di Luigi Firpo 210 $aTorino$cUnione tipografico-editrice torinese$d1967 215 $a150 p.$cill.$d25 cm 300 $aContiene la ripr. facs. del manoscritto con la relativa trascrizione e il testo di tre lettere di Francesco Filelfo 676 $a096.1$v23 700 $aFirpo,$bLuigi$045391 801 0$aIT$bUNINA$gREICAT$2UNIMARC 901 $aBK 912 $a9910472149503321 952 $aDFT M10 FIRL 01$b2021/1337$fFLFBC 959 $aFLFBC 996 $aFrancesco Filelfo educatore e il Codice Sforza della Biblioteca Reale di Torino$93598185 997 $aUNINA